Khoa học và công nghệ Đồng Nai: Đóng góp to lớn vào sự phát triển kinh tế xã hội của tỉnh
محفوظ في:
| المؤلف الرئيسي: | |
|---|---|
| التنسيق: | كتاب |
| اللغة: | Undetermined |
| الموضوعات: | |
| الوصول للمادة أونلاين: | http://lrc.tdmu.edu.vn/opac/search/detail.asp?aID=2&ID=35722 |
| الوسوم: |
إضافة وسم
لا توجد وسوم, كن أول من يضع وسما على هذه التسجيلة!
|
| Thư viện lưu trữ: | Trung tâm Học liệu Trường Đại học Thủ Dầu Một |
|---|
| LEADER | 00628nam a2200133Ia 4500 | ||
|---|---|---|---|
| 001 | TDMU_35722 | ||
| 008 | 210410s9999 xx 000 0 und d | ||
| 082 | |a 352.4 | ||
| 100 | |a Nguyệt, Trinh | ||
| 245 | 0 | |a Khoa học và công nghệ Đồng Nai: Đóng góp to lớn vào sự phát triển kinh tế xã hội của tỉnh | |
| 300 | |a Tr.16-19 | ||
| 650 | |a Khoa học Công nghệ; Đồng Nai; Khoa học và công nghệ; Phát triển kinh tế | ||
| 856 | |u http://lrc.tdmu.edu.vn/opac/search/detail.asp?aID=2&ID=35722 | ||
| 980 | |a Trung tâm Học liệu Trường Đại học Thủ Dầu Một | ||